[Event "Jakarta Indonesia op 2nd"]
[Site "Jakarta"]
[Date "2012.10.15"]
[Round "6"]
[White "Hartono, Rusdi"]
[Black "Hidayat, Arifin"]
[Result "1-0"]
[WhiteElo "2230"]
[BlackElo "2141"]
[PlyCount "133"]
[EventDate "2012.10.11"]
[EventType "swiss"]
[EventRounds "9"]
[EventCountry "INA"]
[SourceTitle "EXT 2013"]
[Source "ChessBase"]
[SourceDate "2012.11.22"]
[SourceVersion "1"]
[SourceVersionDate "2012.11.22"]
[SourceQuality "1"]

1. e4 d6 2. d4 Nf6 3. Bd3 e5 4. c3 d5 5. dxe5 Nxe4 6. Ne2 Nc5 7. Bc2 Bg4 8. 0-0 Nc6 9. b4 Ne6 10. f3 Bh5 11. Ba4 Bg6 12. f4 Bf5 13. Be3 h5 14. Nd2 d4 15. Bxd4 Bxb4 16. Nf3 Be7 17. Ng3 Bg4 18. f5 Nc5 19. f6 gxf6 20. exf6 Bd6 21. Qe1+ Be6 22. Bxc5 Bxc5+ 23. Kh1 Kf8 24. Ne4 Bd6 25. Rd1 Bc4 26. Rf2 Qe8 27. Bb3 Ba6 28. Qe3 Ne5 29. Qg5 Rh7 30. Qf5 Rh6 31. Qg5 Rg6 32. Qxh5 Ng4 33. Re1 Qxe4 34. Rxe4 Nxf2+ 35. Kg1 Nxe4 36. Qh8+ Rg8 37. Qh6+ Ke8 38. Qe3 Bc5 39. Nd4 Bxd4 40. cxd4 Kd7 41. Qxe4 Rae8 42. Qf5+ Kd8 43. h3 Re1+ 44. Kh2 Re2 45. Bd5 Rg6 46. Bf3 Re6 47. Qd5+ Ke8 48. Bg4 Rexf6 49. Bf5 Rh6 50. Qd7+ Kf8 51. Qxc7 Rd6 52. g4 Rb6 53. d5 Rhd6 54. Be4 Bb5 55. h4 Bd7 56. g5 Ke7 57. h5 Rb4 58. Bf3 Rf4 59. Kg3 Rf5 60. Qc1 f6 61. g6 Rg5+ 62. Kh4 Ra6 63. Qc5+ Ke8 64. Qe3+ Kf8 65. Bd1 Rxa2 66. Qf4 Kg7 67. Qd6 1-0

[Event "Jakarta Indonesia op 2nd"]
[Site "Jakarta"]
[Date "2012.10.13"]
[Round "4"]
[White "Masruri, Rahman"]
[Black "Hartono, Rusdi"]
[Result "1/2-1/2"]
[WhiteElo "2136"]
[BlackElo "2230"]
[PlyCount "90"]
[EventDate "2012.10.11"]
[EventType "swiss"]
[EventRounds "9"]
[EventCountry "INA"]
[SourceTitle "EXT 2013"]
[Source "ChessBase"]
[SourceDate "2012.11.22"]
[SourceVersion "1"]
[SourceVersionDate "2012.11.22"]
[SourceQuality "1"]

1. d4 c5 2. d5 e5 3. c4 d6 4. Nc3 Ne7 5. h4 h6 6. a3 g6 7. e4 Bg7 8. h5 g5 9. g4 0-0 10. b4 b6 11. f3 Bd7 12. Rb1 cxb4 13. axb4 Qc7 14. Rh2 Rc8 15. Be3 Qd8 16. Ra2 Qe8 17. Bxb6 a6 18. Be3 f5 19. c5 fxg4 20. fxg4 Kh8 21. Rc1 Ng8 22. c6 Nxc6 23. dxc6 Rxc6 24. Nd5 Rac8 25. Rxc6 Rxc6 26. Rxa6 Qc8 27. Rxc6 Bxc6 28. Qc2 Qb7 29. Qc4 Qa8 30. Ne2 Bd7 31. Nb6 Qa7 32. Nxd7 Qxe3 33. b5 Qa7 34. Qc6 d5 35. b6 Qa1+ 36. Kf2 dxe4 37. Qxe4 Nf6 38. Nxf6 Bxf6 39. Bg2 Bd8 40. Qg6 Qd1 41. b7 e4 42. b8Q e3+ 43. Kxe3 Qxe2+ 44. Kd4 Qc4+ 45. Ke5 Qd4+ 1/2-1/2